| 000 | 00877nam a2200253Ia 4500 | ||
|---|---|---|---|
| 003 | OSt | ||
| 005 | 20220923212503.0 | ||
| 006 | a|||||r|||| 00| 0 | ||
| 007 | ta | ||
| 008 | 220922b |||||||| |||| 00| 0 hin d | ||
| 024 | _a153,460 | ||
| 037 | _cTextual | ||
| 040 |
_aARTS _cARTS _bhin |
||
| 041 |
_2hin _ahin |
||
| 082 | _aN0a0, M3 | ||
| 100 |
_aअवस्थी, शिवशंकर _9156271 |
||
| 245 | 0 | _aकला और साहित्य की दार्शनिक भूमिका | |
| 246 | _aKalā aur sāhitya kī dārshanik bhūmikā | ||
| 260 |
_aनयी दिल्ली _b सातवाहन पब्लि0 _c1983 |
||
| 300 |
_a132 पृ. _ccm. |
||
| 650 |
_aहिन्दी साहित्य _9156264 |
||
| 942 |
_hN0a0, M3 _cTEXL _2CC |
||
| 999 |
_c309103 _d309103 |
||